Gender Imbalanced Immigrant Groups: UK Quiz Stats

 Plays Quiz not verified by Sporcle

Challenge
Share
Tweet
Embed
Score 0/40 Timer 05:00
0 Plays Today
Gender Country % Correct
MaleIraq
86.7%
MaleIran
85.3%
FemaleRussia
84%
MaleUAE
82.7%
MaleSaudi Arabia
81.3%
MaleSyria
80%
MaleAfghanistan
78.7%
MaleQatar
77.3%
FemaleJapan
76%
MaleEgypt
73.3%
MaleKuwait
73.3%
MaleLebanon
73.3%
FemaleThailand
73.3%
FemaleIndonesia
73.3%
MaleJordan
72%
FemalePhilippines
70.7%
MaleAlgeria
68%
MaleSudan
65.3%
MaleTunisia
65.3%
MaleLibya
64%
Gender Country % Correct
FemaleKazakhstan
60%
FemaleCambodia
57.3%
FemaleSweden
56%
FemaleEstonia
52%
FemaleBelarus
52%
FemaleKyrgyzstan
46.7%
FemaleFinland
45.3%
MaleSenegal
42.7%
FemaleMongolia
42.7%
MaleAlbania
38.7%
FemaleAustria
24%
MaleTimor-Leste
22.7%
FemalePeru
22.7%
MaleLiberia
21.3%
FemaleMadagascar
21.3%
MaleTogo
18.7%
FemaleTrinidad and Tobago
18.7%
FemaleBelize
18.7%
FemaleGuatemala
14.7%
FemaleSão Tomé and Príncipe
12%

You're not logged in!

Compare scores with friends on all Sporcle quizzes.
Join for Free
OR
Log In

You Might Also Like...

Show Comments

Extras

Top Quizzes Today


Score Distribution

Your Account Isn't Verified!

In order to create a playlist on Sporcle, you need to verify the email address you used during registration. Go to your Sporcle Settings to finish the process.

Report this User

Report this user for behavior that violates our Community Guidelines.

Details: